|
|
|
|
| LEADER |
00000nam0a2200000 4500 |
| 001 |
145227 |
| 005 |
20231101221138.0 |
| 035 |
|
|
|a (RuTPU)RU\TPU\book\157426
|
| 090 |
|
|
|a 145227
|
| 100 |
|
|
|a 20081015d1951 km y0rusy50 ca
|
| 101 |
0 |
|
|a rus
|
| 102 |
|
|
|a BY
|
| 105 |
|
|
|a y z 000zy
|
| 200 |
1 |
|
|a Экономические взгляды Д. И. Менделеева
|f Г. Ц. Гурвич
|g Академия наук Белорусской ССР (АН БССР)
|
| 210 |
|
|
|a Минск
|c Изд-во АН БССР
|d 1951
|
| 215 |
|
|
|a 99 с.
|c ил.
|
| 600 |
|
1 |
|a Менделеев
|g Дмитрий Иванович
|b Д. И.
|c учёный-энциклопедист, химик, педагог
|f 1834-1907
|c член-корреспондент Петербургской АН
|2 stltpush
|3 (RuTPU)RU\TPU\pers\1367
|
| 606 |
1 |
|
|a Химики
|x Персоналии
|2 stltpush
|3 (RuTPU)RU\TPU\subj\69968
|9 84576
|
| 610 |
1 |
|
|a химия
|
| 610 |
1 |
|
|a экономические взгляды
|
| 610 |
1 |
|
|a характеристика
|
| 610 |
1 |
|
|a Россия
|
| 610 |
1 |
|
|a хозяйственное развитие
|
| 610 |
1 |
|
|a нефтяное производство
|
| 610 |
1 |
|
|a металлургия
|
| 675 |
|
|
|a 54(092)
|v 3
|
| 700 |
|
1 |
|a Гурвич
|b Г. Ц.
|
| 712 |
0 |
2 |
|a Академия наук Белорусской ССР (АН БССР)
|2 stltpush
|3 (RuTPU)RU\TPU\col\1973
|
| 801 |
|
1 |
|a RU
|b 63413507
|c 20081015
|g PSBO
|
| 801 |
|
2 |
|a RU
|b 63413507
|c 20180111
|g PSBO
|
| 942 |
|
|
|c BK
|